• 首页
  • 本馆介绍
  • 公告通知
  • 最新文献
  • 馆藏检索
  • 电子资源
  • 读者导购
  • 参考咨询
  • 我的图书馆
  • 登录
  • 详细信息显示
  • 放入我的书架
  • 预约/预借图书
  • 作者相关作品
  • 分类相关作品
  • 丛书相关作品
  • 出版社相关作品

书目信息

  • 表格格式
  • 工作单格式
  • 卡片格式
题名:
科学技术成果报告
    
 
作者: ;中国科学技术情报研究所 编辑
分册: 编号:0110   提高压缩机气阀弹簧使用寿命的试验
出版信息: 北京   科学技术文献出版社  1978
页数: 19页
开本: 26cm
丛书名:
单 册:
中图分类: N33
科图分类:
主题词: 科技成果--报告--中国 , 弹簧--寿命--研究 , 自然科学--研究方法
电子资源:
ISBN:
000 00952nam0 2200265 45
001 0178001174
005 20060429150418.87
010    @dCNY0.20
091    @a15176.291
100    @a19950725d1978 emky0chiy0121 ea
101 0  @achi
102    @aCN@b110000
105    @ay z 000yy
200 10 @a科学技术成果报告@Ake xue ji shu cheng guo bao gao@h编号:0110@i提高压缩机气阀弹簧使用寿命的试验@f中国科学技术情报研究所编辑@Fzhong guo ke xue ji shu qing bao yan jiu suo bian ji
210    @a北京@c科学技术文献出版社@d1978
215    @a19页@d26cm
300    @a内部发行
517 1  @a提高压缩机气阀弹簧使用寿命的试验@Ati gao ya suo ji qi fa tan huang shi yong shou ming de shi yan
606    @a科技成果@x报告@y中国
606    @a弹簧@x寿命@x研究
606 0  @a自然科学@x研究方法
690    @aN33@v3 
711 02 @a中国科学技术情报研究所@Azhong guo ke xue ji shu qing bao yan jiu suo@4编辑
801  0 @aCN@bTSSF@c20060429
905    @a10447@dN33@e3:1
    
    科学技术成果报告.编号:0110.提高压缩机气阀弹簧使用寿命的试验/中国科学技术情报研究所编辑.-北京:科学技术文献出版社,1978
    19页;26cm
    内部发行
    
    ISBN :CNY0.20
    
●
相关链接 在E读中查询图书 在五车中查询图书 在当当中查询图书 在豆瓣中查询图书


正题名:科学技术成果报告     索取号:N33/3:1         预约/预借

序号 登录号 条形码 馆藏地/架位号 状态 备注
1 0005428   202284740   密集书库/ [索取号:N33/3:1] 在馆    
2 0005429   202284713   密集书库/ [索取号:N33/3:1] 在馆    
唐山师范学院图书馆 欢迎您!
大连网信软件有限公司© 版权所有